LEADER 01167nam0 2200313 450 001 000019049 005 20081204124937.0 010 $a0-89871-415-X 100 $a20081110d1998----km-y0itay50------ba 101 0 $aeng 102 $aUS 105 $ay-------001yy 200 1 $aMethods for solving systems of nonlinear equations$fWerner C. Rheinboldt 205 $a2nd ed 210 $aPhiladelphia$cSIAM$d1998 215 $aIX, 148 p.$d25 cm 225 2 $aCBMS-NSF regional conference series in applied mathematics$hConference board of the mathematical sciences$v70 410 0$12001$aCBMS-NSF regional conference series in applied mathematics 451 0$100100020311 500 10$aMethods for solving systems of nonlinear equations$mMethods for solving systems of nonlinear equations$932739 610 1 $aEquazioni non lineari 610 1 $aAnalisi numerica 676 $a512.94$v20$9Equazioni 700 1$aRheinboldt,$bWerner C.$026231 801 0$aIT$bUNIPARTHENOPE$c20081110$gRICA$2UNIMARC 912 $a000019049 951 $aM 512.94/1$bM 1423$cDSA$d2008 996 $aMethods for solving systems of nonlinear equations$932739 997 $aUNIPARTHENOPE